[Event "RSA-ch U18"]
[Site "Gauteng"]
[Date "2017.04.08"]
[Round "6"]
[White "Balmakhun, Yashkar"]
[Black "Moremi, Thato"]
[Result "1-0"]
[WhiteElo "1656"]
[BlackElo "1487"]
[PlyCount "55"]
[EventDate "2017.04.05"]
[EventType "swiss"]
[EventRounds "11"]
[EventCountry "RSA"]
[SourceTitle "CBM 177 Extra"]
[Source "ChessBase"]
[SourceDate "2017.04.27"]
[SourceVersion "1"]
[SourceVersionDate "2017.04.27"]
[SourceQuality "1"]

1. c4 c6 2. g3 d5 3. Bg2 Nf6 4. Nf3 Bf5 5. 0-0 e6 6. d3 h6 7. a3 Be7 8. Nc3 0-0 9. Bd2 Bh7 10. b4 a6 11. Qb3 Nbd7 12. a4 Qb6 13. b5 Nc5 14. Qb2 dxc4 15. dxc4 Nfe4 16. Be3 Bf6 17. Bd4 Bxd4 18. Nxd4 axb5 19. axb5 Nxc3 20. Qxc3 Na4 21. Qb3 Nc5 22. Qe3 Na4 23. bxc6 e5 24. cxb7 Rae8 25. Nb5 Qxe3 26. fxe3 Nc5 27. Ra8 e4 28. Nd6 1-0

[Event "RSA-ch U18"]
[Site "Gauteng"]
[Date "2017.04.06"]
[Round "3"]
[White "Masiya, Mfundo"]
[Black "Balmakhun, Yashkar"]
[Result "1-0"]
[WhiteElo "1462"]
[BlackElo "1656"]
[PlyCount "40"]
[EventDate "2017.04.05"]
[EventType "swiss"]
[EventRounds "11"]
[EventCountry "RSA"]
[SourceTitle "CBM 177 Extra"]
[Source "ChessBase"]
[SourceDate "2017.04.27"]
[SourceVersion "1"]
[SourceVersionDate "2017.04.27"]
[SourceQuality "1"]

1. e4 c6 2. d4 d5 3. exd5 cxd5 4. c4 Nf6 5. Nc3 g6 6. Qb3 Bg7 7. cxd5 0-0 8. Be2 Nbd7 9. Bf3 Nb6 10. Nge2 Bg4 11. Bxg4 Nxg4 12. 0-0 Nf6 13. Nf4 Qc7 14. Rd1 Rfd8 15. Nd3 Nbxd5 16. Nc5 Qc6 17. a4 a5 18. Nxd5 Rxd5 19. Be3 Ra7 20. Rac1 Ra8 1-0

[Event "RSA-ch U18"]
[Site "Bloemfontein"]
[Date "2016.03.21"]
[Round "3"]
[White "Balmakhun, Yashkar"]
[Black "Marais, Franco"]
[Result "0-1"]
[WhiteElo "1640"]
[BlackElo "1815"]
[PlyCount "140"]
[EventDate "2016.03.20"]
[EventType "swiss"]
[EventRounds "11"]
[EventCountry "RSA"]
[SourceTitle "CBM 171 Extra"]
[Source "ChessBase"]
[SourceDate "2016.04.26"]
[SourceVersion "1"]
[SourceVersionDate "2016.04.26"]
[SourceQuality "1"]

1. d4 d5 2. Nc3 Nf6 3. Bg5 c6 4. e3 Bf5 5. Bd3 Bg6 6. Qf3 Nbd7 7. Qh3 Bxd3 8. cxd3 Qb6 9. Nge2 e6 10. 0-0 Qa6 11. Rfd1 Be7 12. Nf4 Qb6 13. Rab1 h6 14. Bxf6 Nxf6 15. Nh5 Nxh5 16. Qxh5 0-0 17. Qe2 Bd6 18. Qc2 Qd8 19. Na4 Rc8 20. Nc5 b6 21. Nb7 Bxh2+ 22. Kxh2 Qc7+ 23. Kg1 Qxb7 24. Qa4 Rc7 25. b4 Qc8 26. Rbc1 Qd7 27. Rc2 Rfc8 28. Rdc1 Qd6 29. Rc3 Kh7 30. g3 g5 31. a3 Kg7 32. Qc2 f5 33. f4 b5 34. Kf2 Kg6 35. Rh1 g4 36. Rh4 Ra8 37. Rh1 a5 38. bxa5 Rxa5 39. Qb3 Rca7 40. Rhc1 Rxa3 41. Rxc6 Qxc6 42. Qxa3 Rxa3 43. Rxc6 Kf6 44. Rb6 Rb3 45. Kg2 Rxd3 46. Rxb5 Rxe3 47. Rb4 Rd3 48. Rb2 Rc3 49. Rd2 Rc8 50. Rd1 Rc2+ 51. Kg1 h5 52. Rb1 Rc3 53. Kg2 Rc7 54. Kf2 Rc4 55. Rd1 Rb4 56. Kg2 Rb2+ 57. Kg1 Rb3 58. Kg2 Re3 59. Rb1 Rd3 60. Rb4 h4 61. gxh4 Rh3 62. h5 Rxh5 63. Rb3 Rh8 64. Rd3 Ra8 65. Kh2 Ra2+ 66. Kg3 Re2 67. Rd1 Re3+ 68. Kg2 Rf3 69. Rh1 Rxf4 70. Rh6+ Ke7 0-1

[Event "RSA-chT U18"]
[Site "Cape Town"]
[Date "2016.01.05"]
[Round "3.1"]
[White "Balmakhun, Yashkar"]
[Black "Roos, Lucas"]
[Result "0-1"]
[WhiteElo "1638"]
[BlackElo "1672"]
[PlyCount "52"]
[EventDate "2016.01.04"]
[EventType "team-tourn"]
[EventRounds "7"]
[EventCountry "RSA"]
[SourceTitle "CBM 170 Extra"]
[Source "ChessBase"]
[SourceDate "2016.02.25"]
[SourceVersion "1"]
[SourceVersionDate "2016.02.25"]
[SourceQuality "1"]
[WhiteTeam "Ethekwini"]
[BlackTeam "Kenneth Kaunda"]
[WhiteTeamCountry "RSA"]
[BlackTeamCountry "RSA"]

1. c4 Nf6 2. g3 c6 3. Bg2 d5 4. Nf3 g6 5. 0-0 Bg7 6. d3 0-0 7. Nc3 dxc4 8. dxc4 Be6 9. Qa4 Na6 10. Be3 Qc8 11. Rfd1 Bh3 12. Qa3 Re8 13. b3 Bxg2 14. Kxg2 Ng4 15. Bd4 e5 16. Be3 Nxe3+ 17. fxe3 e4 18. Nd4 Bh6 19. Qc1 Nc5 20. Nc2 a5 21. Qa3 Re5 22. Rf1 Qe6 23. Rf4 Bxf4 24. exf4 Rh5 25. h4 b5 26. cxb5 cxb5 0-1

[Event "RSA-chT U18"]
[Site "Cape Town"]
[Date "2016.01.05"]
[Round "4.1"]
[White "Lynch, Justin"]
[Black "Balmakhun, Yashkar"]
[Result "1-0"]
[WhiteElo "1734"]
[BlackElo "1638"]
[PlyCount "91"]
[EventDate "2016.01.04"]
[EventType "team-tourn"]
[EventRounds "7"]
[EventCountry "RSA"]
[SourceTitle "CBM 170 Extra"]
[Source "ChessBase"]
[SourceDate "2016.02.25"]
[SourceVersion "1"]
[SourceVersionDate "2016.02.25"]
[SourceQuality "1"]
[WhiteTeam "Western Province"]
[BlackTeam "Ethekwini"]
[WhiteTeamCountry "RSA"]
[BlackTeamCountry "RSA"]

1. Nf3 c5 2. g3 Nc6 3. Bg2 e5 4. d3 g6 5. 0-0 Bg7 6. e4 Nge7 7. Nc3 0-0 8. Be3 d6 9. Qd2 f6 10. a3 Be6 11. Rab1 Qd7 12. b4 b6 13. Ne2 Rad8 14. Rfd1 cxb4 15. axb4 d5 16. b5 d4 17. Bh6 Na5 18. Bxg7 Kxg7 19. c4 dxc3 20. Qxc3 Rc8 21. Qb4 Rfd8 22. d4 exd4 23. Nexd4 Kf7 24. Qd2 Bg4 25. Qh6 Kg8 26. Qf4 Bxf3 27. Bxf3 Qd6 28. Qh6 Qe5 29. Bg4 Rxd4 30. Rxd4 Qxd4 31. Be6+ Kh8 32. Bxc8 Qxe4 33. Rd1 Ng8 34. Qf8 Qe7 35. Qxe7 Nxe7 36. Rd8+ Kg7 37. Be6 f5 38. Rd7 Kf6 39. Ba2 h6 40. Rxa7 Nc8 41. Rd7 h5 42. Kf1 Kg5 43. h4+ Kh6 44. Be6 g5 45. Bxf5 gxh4 46. gxh4 1-0

[Event "South African op"]
[Site "Cape Town"]
[Date "2015.07.06"]
[Round "6"]
[White "Balmakhun, Yashkar"]
[Black "Solomons, Remondo T"]
[Result "0-1"]
[WhiteElo "1552"]
[BlackElo "1869"]
[PlyCount "72"]
[EventDate "2015.07.03"]
[EventType "swiss"]
[EventRounds "11"]
[EventCountry "RSA"]
[SourceTitle "CBM 167 Extra"]
[Source "ChessBase"]
[SourceDate "2015.09.14"]
[SourceVersion "1"]
[SourceVersionDate "2015.09.14"]
[SourceQuality "1"]

1. c4 e5 2. g3 Nc6 3. Bg2 f5 4. d3 Nf6 5. Nc3 Bb4 6. Bd2 Bxc3 7. Bxc3 d6 8. Nf3 0-0 9. 0-0 Qe8 10. b4 Qh5 11. e3 f4 12. Nh4 Qh6 13. exf4 exf4 14. Bd2 g5 15. Nf3 Bg4 16. h3 Bf5 17. Bc3 Qg6 18. Ne1 Ne5 19. Bxe5 dxe5 20. g4 Bd7 21. Bxb7 Rad8 22. Be4 Nxe4 23. dxe4 Be6 24. Qc2 h5 25. f3 Rf7 26. Rf2 Rh7 27. Nd3 Bc8 28. Qb2 Qe6 29. Rc1 hxg4 30. hxg4 Rh3 31. Kf1 Rd7 32. Ke2 Rd4 33. Qb3 Qh6 34. Qc3 Qd6 35. a3 Bxg4 36. Rg1 Bxf3+ 0-1

[Event "RSA-ch U16"]
[Site "Waterkloof"]
[Date "2015.04.08"]
[Round "7"]
[White "Marais, Franco"]
[Black "Balmakhun, Yashkar"]
[Result "1/2-1/2"]
[WhiteElo "1782"]
[BlackElo "1457"]
[PlyCount "68"]
[EventDate "2015.04.04"]
[EventType "swiss"]
[EventRounds "9"]
[EventCountry "RSA"]
[SourceTitle "CBM 166 Extra"]
[Source "ChessBase"]
[SourceDate "2015.06.18"]
[SourceVersion "1"]
[SourceVersionDate "2015.06.18"]
[SourceQuality "1"]

1. d4 d5 2. Nf3 Nf6 3. c4 c6 4. Nc3 dxc4 5. e4 b5 6. a4 b4 7. Na2 Nxe4 8. Bxc4 e6 9. Qc2 Nf6 10. 0-0 Be7 11. Be3 Bb7 12. Nc1 a5 13. Nd3 Nbd7 14. Nfe5 0-0 15. f4 Nd5 16. Qe2 Rc8 17. f5 exf5 18. Rxf5 N7b6 19. Bb3 Bf6 20. Raf1 Ba6 21. Ng4 Nxe3 22. Nxf6+ gxf6 23. Qxe3 Nd7 24. R1f4 Bxd3 25. Qxd3 Ne5 26. Qg3+ Ng6 27. Rxf6 Kh8 28. Rxf7 Rxf7 29. Rxf7 Qxd4+ 30. Qf2 Qxf2+ 31. Kxf2 Ne5 32. Rf5 Nd3+ 33. Ke3 Nxb2 34. Kf2 Nd3+ 1/2-1/2